000 00516nam a2200193Ia 4500
005 20250508164026.0
008 008 250505s9999 xx 000 0 eng d
020 _a0-304-32349-7
037 _aReference
040 _aFEDL
_beng
_cFEDL
041 _aeng
_2eng
084 _a378, VOH
_qFEDL
100 _aVohra Amrit Lal
245 0 _aManual of UGC Schemes
260 _aNew Delhi, India
_bCrest Publishing House
_c2002
300 _a1090p.
942 _cREF
_h378, VOH
999 _c1386639
_d1386639